| 000 | 00815nam a2200265Ia 4500 | ||
|---|---|---|---|
| 003 | OSt | ||
| 005 | 20221005033432.0 | ||
| 006 | a|||||r|||| 00| 0 | ||
| 007 | ta | ||
| 008 | 221004b |||||||| |||| 00| 0 eng d | ||
| 020 |
_a9788180902161 (hbk) _c750 |
||
| 024 | _a102815 | ||
| 037 |
_b383, 25/12/2009, Eastern Book Linkers _cTextual |
||
| 040 |
_aCRL _cCRL _beng |
||
| 041 |
_2eng _aeng |
||
| 082 | _aR641,24x1,1, P9 | ||
| 100 | _aMisra Vacaspati | ||
| 245 | 0 | _aTattvabindu | |
| 260 |
_aDelhi _bBharatiya Kala Prakashan India _c2009 |
||
| 300 |
_axvi,356p. _ccm. |
||
| 650 | _aPHILOSOPHY | ||
| 700 |
_a Shastri Ramaswami Ed. _9586090 |
||
| 942 |
_hR641,24x1,1, P9 _cTEXL _2cc |
||
| 999 |
_c941514 _d941514 |
||